00722nam a2200205 a 450000100100000000500170001000800410002702000150006804000250008308200130010810000340012124501070015526000350026230000280029749000210032583000270034604900090037395201170038299900170049900002579420200930024044.0100308s1998 mx a 000 d spa d a9686733442 aDO-SdBNPbspacBNPHU ann*bnn*1 aRojas Gamboa, Enrique.95260210aGanesha el destructor de las dificultados :bhistorias, simbolismo y rituales /cEnrique Rojas Gamboa. aMéxico, D. F. :bYug,c1998. a170 p. :bil. ;c20 cm.1 aIndia Eterna.v8 0aIndia Eternav8952603 aBNGR 001054708MOaGRbGRcCTd2011-02-22iLF1l0onn* nn*p25794-10r2020-06-25w2020-06-25y4ZPréstamo en sala c25286d25286